| 000 | 00480nam a22001577a 4500 | ||
|---|---|---|---|
| 005 | 20150210124529.0 | ||
| 008 | 150210b xxu||||| |||| 00| 0 eng d | ||
| 020 | _a9781907374616 | ||
| 050 |
_aQA 43 _b.St844 2013 |
||
| 100 | _aStevens, Wendy. | ||
| 245 |
_aIB mathematics option : _bcalculus HL / _cWendy Stevens. |
||
| 260 |
_aUnited Kingdom : _bOSC Publishing, _cc2013. |
||
| 300 |
_a40 pages : _billustrations ; _c27 cm. |
||
| 650 |
_aMathematics _xCalculus. |
||
| 942 |
_2lcc _cBK |
||
| 999 |
_c282569 _d282569 |
||